00325nam a2200121Ia 4500008004100000041000800041100003500049245006000084260002200144300000800166542001500174650001400189220531s9999 xx 000 0 und d amar aकामत साधना. aजन्‍माचे गुन्‍हेगार bPadmagandhac2005 a175 d18-02-2009 aSociology